000 03977nam a22004331 4500
005 20050808122104.0
008 721219s1962 nyu | 00| 0 eng
010 _aENG-93786
020 _a8189412477
_c400.00
035 _aEN-77319
035 _aB-341122-134
037 _bDBAD / PUB
037 _bAvishkar Prakashan
040 _adpl
_bEnglish
082 _a025.0202854
100 _aBhupendra Narayan Singh
245 _aSoftware packages for library automation /
_cby Bhupendra Narayan Singh
260 _aNew Delhi
_bAvishkar Prakashan
_c2008
270 _aL-20/13, Gali No.5, Chivaji Marg, Kartar Nagar
_b Delhi
_e110053
300 _aviii, 272 p.
_c23cm(Hb)
500 _aincludes glossary, bibliographical references & index
650 _aLibraries
_xAutomation
942 _cEN
_h025.0202854
_mBHU
_2ddc
999 _c24460
_d24460